[Event "CRI-ch (Women)"]
[Site "San Jose"]
[Date "2024.02.18"]
[Round "9"]
[White "Canales Chinchilla, Victoria"]
[Black "Jimenez Salas, Kristel"]
[Result "1-0"]
[WhiteElo "1642"]
[BlackElo "1231"]
[PlyCount "73"]
[EventDate "2024.02.03"]
[EventType "swiss"]
[EventRounds "9"]
[EventCountry "CRI"]
[SourceTitle "CB08_2024"]
[SourceDate "2024.02.21"]
[SourceVersion "1"]
[SourceVersionDate "2024.02.21"]
[SourceQuality "1"]

1. e4 e5 2. Nf3 Nc6 3. Bc4 Nf6 4. d3 Be7 5. 0-0 d6 6. a4 0-0 7. Re1 Na5 8. Ba2 c5 9. Na3 a6 10. c3 Nc6 11. Nc2 Be6 12. Bg5 h6 13. Bh4 Bxa2 14. Rxa2 Nh7 15. Bxe7 Nxe7 16. Ne3 Kh8 17. Nh4 g6 18. Qg4 Nf6 19. Qh3 Qc8 20. Qxc8 Raxc8 21. Nc4 Rcd8 22. a5 Nc6 23. Nf3 Rfe8 24. Raa1 d5 25. exd5 Rxd5 26. Rad1 Nd7 27. Ne3 Rd6 28. Nc4 Rde6 29. Nfd2 f5 30. f3 Nf6 31. Nb3 Nd7 32. Re2 Kg7 33. Rde1 Kf6 34. Nb6 Nxb6 35. axb6 Ne7 36. Nxc5 Rxb6 37. Nd7+ 1-0

[Event "CRI-ch (Women)"]
[Site "San Jose"]
[Date "2024.02.10"]
[Round "4"]
[White "Badilla Fallas, Karol"]
[Black "Canales Chinchilla, Victoria"]
[Result "0-1"]
[WhiteElo "1311"]
[BlackElo "1642"]
[PlyCount "54"]
[EventDate "2024.02.03"]
[EventType "swiss"]
[EventRounds "9"]
[EventCountry "CRI"]
[SourceTitle "CB08_2024"]
[SourceDate "2024.02.21"]
[SourceVersion "1"]
[SourceVersionDate "2024.02.21"]
[SourceQuality "1"]

1. e4 c5 2. Nc3 Nc6 3. g3 g6 4. f4 Bg7 5. Bg2 d6 6. h3 Nf6 7. Nf3 Nh5 8. Ne2 e5 9. g4 Nxf4 10. Nxf4 exf4 11. d3 g5 12. 0-0 Ne5 13. Nh2 Be6 14. c3 Qb6 15. Kh1 Nc6 16. Nf3 h6 17. Qd2 Ne5 18. Nh2 h5 19. d4 cxd4 20. cxd4 Nc4 21. Qc2 Rc8 22. Qe2 hxg4 23. d5 Bd7 24. Nxg4 Rh4 25. Bxf4 Bxg4 26. Bf3 Bxh3 27. Bxg5 Bxf1+ 0-1

[Event "CRI-ch"]
[Site "San Jose"]
[Date "2024.01.14"]
[Round "9"]
[White "Canales Chinchilla, Victoria"]
[Black "Mayorga Araya, Sofia"]
[Result "0-1"]
[WhiteElo "1683"]
[BlackElo "1800"]
[PlyCount "72"]
[EventDate "2024.01.06"]
[EventType "swiss"]
[EventRounds "9"]
[EventCountry "CRI"]
[SourceTitle "CB05_2024"]
[SourceDate "2024.01.31"]
[SourceVersion "1"]
[SourceVersionDate "2024.01.31"]
[SourceQuality "1"]

1. e4 c5 2. Nf3 d6 3. Bb5+ Nd7 4. 0-0 a6 5. Bd3 b5 6. c3 Ngf6 7. a4 c4 8. Bc2 Bb7 9. axb5 axb5 10. Rxa8 Qxa8 11. Na3 Bxe4 12. Bxe4 Nxe4 13. Nxb5 Qa5 14. Na3 Qa6 15. Nd4 Ndc5 16. f3 Nf6 17. Qe2 d5 18. Nab5 Qb6 19. Qe5 Ncd7 20. Qc7 Qxc7 21. Nxc7+ Kd8 22. Na6 e5 23. Nc6+ Kc8 24. d3 cxd3 25. Be3 Kb7 26. Nab4 Bxb4 27. Nxb4 e4 28. fxe4 dxe4 29. Rf5 Ra8 30. Rb5+ Kc7 31. Bf4+ Kc8 32. Nc6 Ng4 33. Ra5 Rxa5 34. Nxa5 e3 35. Kf1 d2 36. Ke2 Nf2 0-1

[Event "Iberoamerican-ch 9th"]
[Site "Panama City"]
[Date "2023.11.29"]
[Round "6"]
[White "Cabezas Solano, David Alejandro"]
[Black "Canales Chinchilla, Victoria"]
[Result "1-0"]
[WhiteElo "2171"]
[BlackElo "1679"]
[PlyCount "95"]
[EventDate "2023.11.25"]
[EventType "swiss"]
[EventRounds "9"]
[EventCountry "PAN"]
[SourceTitle "CB49_2023"]
[SourceDate "2023.12.06"]
[SourceVersion "1"]
[SourceVersionDate "2023.12.06"]
[SourceQuality "1"]

1. d4 d5 2. Nf3 Nf6 3. g3 c5 4. Bg2 cxd4 5. 0-0 Nc6 6. Nxd4 e6 7. c4 Bc5 8. Nb3 Bb6 9. cxd5 Nxd5 10. e4 Nf6 11. Qxd8+ Bxd8 12. Nc3 0-0 13. h3 a6 14. Be3 Bc7 15. f4 Rb8 16. Rac1 Rd8 17. Bf2 e5 18. Nd5 Bd6 19. Rfd1 Be6 20. Bb6 Rd7 21. Nc5 Bxc5+ 22. Bxc5 exf4 23. Nxf6+ gxf6 24. Rxd7 Bxd7 25. gxf4 Be6 26. b3 Rd8 27. f5 Bc8 28. Rc3 Kh8 29. b4 Bd7 30. a3 Re8 31. Bd6 Kg8 32. Rg3+ Kh8 33. Rd3 Kg8 34. Bf4 Bc8 35. Bh6 Kh8 36. Rd6 Ne5 37. Rxf6 Rg8 38. Bf4 Nf3+ 39. Kf2 Nh4 40. Bf1 Re8 41. Rh6 Nxf5 42. exf5 Bxf5 43. Rb6 Be4 44. Bg2 Bxg2 45. Kxg2 Re7 46. Kf3 Kg8 47. Bh6 Rc7 48. Rd6 1-0

[Event "Iberoamerican-ch 9th"]
[Site "Panama City"]
[Date "2023.11.27"]
[Round "4"]
[White "Baules Rodriguez, Jorge Luis"]
[Black "Canales Chinchilla, Victoria"]
[Result "1-0"]
[WhiteElo "2283"]
[BlackElo "1679"]
[PlyCount "57"]
[EventDate "2023.11.25"]
[EventType "swiss"]
[EventRounds "9"]
[EventCountry "PAN"]
[SourceTitle "CB49_2023"]
[SourceDate "2023.12.06"]
[SourceVersion "1"]
[SourceVersionDate "2023.12.06"]
[SourceQuality "1"]

1. e4 c5 2. c3 d5 3. exd5 Qxd5 4. d4 Nf6 5. Nf3 Bg4 6. dxc5 Qxd1+ 7. Kxd1 Bxf3+ 8. gxf3 e6 9. b4 a5 10. Bb5+ Nbd7 11. Kc2 axb4 12. cxb4 Nd5 13. a3 Be7 14. Bb2 Bf6 15. Nc3 Nxc3 16. Bxc3 0-0-0 17. Bxd7+ Rxd7 18. Rad1 Bxc3 19. Rxd7 Kxd7 20. Kxc3 g5 21. b5 h5 22. a4 e5 23. Rd1+ Kc7 24. Rd6 Rg8 25. a5 g4 26. b6+ Kb8 27. a6 bxa6 28. c6 Kc8 29. Rd7 1-0